Từ điển thuật ngữ chuyên ngành biên phiên dịch Anh-Việt

Guardado en:
Detalles Bibliográficos
Formato: Desconocido
Publicado: 2004
Etiquetas: Agregar Etiqueta
Sin Etiquetas, Sea el primero en etiquetar este registro!
Thư viện lưu trữ: Mạng thư viện Đại học Đà Nẵng
LEADER 00711na a2200205 4500
001 000032407
003 8495
005 20151002091336.0
008 151002s2004 000
082 |a 423 
245 |a Từ điển thuật ngữ chuyên ngành biên phiên dịch Anh-Việt  |c Nguyễn Văn Huyên 
260 |c 2004 
OWN |a LNN 
AVA |a UDN50  |b LNN  |d 423  |e available  |t Error 5001 Not defined in file expand_doc_bib_avail.  |f 4  |g 0  |h N  |i 0  |k 1 
999 |a From the UDN01 
AVA |a UDN50  |b LNN  |d 423  |e available  |t Error 5001 Not defined in file expand_doc_bib_avail.  |f 4  |g 0  |h N  |i 0  |k 1 
TYP |a Printed language 
980 |a Mạng thư viện Đại học Đà Nẵng